000 00608nam a2200229Ia 4500
003 OSt
005 20221007072043.0
006 a|||||r|||| 00| 0
007 ta
008 221006b |||||||| |||| 00| 0 eng d
024 _a12,990
037 _cTextual
040 _aFLL
_cFLL
_beng
041 _2eng
_aeng
082 _aV6:1:N5z7, K7
100 _aGower L.C.B. Au.
_9689982
245 0 _aIndependent Africa
260 _aLondon
_bOxford university press London
_c1967
300 _a154p
_ccm.
942 _hV6:1:N5z7, K7
_cTEXL
_2CC
999 _c1145093
_d1145093